| 000 | 01331nam a2200301 4500 | ||
|---|---|---|---|
| 003 | EC-UNACH | ||
| 005 | 20251017173748.0 | ||
| 006 | s||||gr|||| 00| 00 | ||
| 008 | 150116t9999 mx r gr 000 0 spa d | ||
| 020 | _a978-958-762-075-7 | ||
| 040 |
_aEC-UNACH _cEC-UNACH |
||
| 041 | _aspa | ||
| 082 | 0 | 4 |
_223 _a338.642 _bL011555 |
| 110 | _aEdiciones de la U | ||
| 245 | _aPlan de negocio | ||
| 250 | _aPrimera edición | ||
| 264 |
_aColombia _bEdiciones de la U _c2012 |
||
| 300 | _a346 | ||
| 505 | _aCapitulo 1- Orientaciones generales en la creación de empresa Capitulo 2- Creación de la empresa Capitulo 3- Estudio del mercado Capitulo 4- Organización y administración Capitulo 5- Estudio técnico del proyecto Capitulo 6- Aspectos financieros del proyecto Capitulo 7- Proyecciones financieras Capitulo 8- Evaluación financiera Capitulo 9- Estudio financiero de una empresa industrial Capitulo 10- Estudio financiero de una empresa comercial Capitulo 11- Estudio financiero de una empresa de servicios. | ||
| 650 | _aEmprendimiento y cultura empresarial | ||
| 650 | _aPrecooperativas | ||
| 650 | _aGerencia en el plan de negocios | ||
| 700 | _aJuan Antonio Flores Uribe | ||
| 942 |
_2ddc _c1 |
||
| 999 | _c14035 | ||